Sports Quiz

Random Sports or Baseball Quiz

Twins Franchise 25+ HRs Single Season Quiz Stats

 Plays Quiz Updated Oct 3, 2019

Score 0/79 Timer 07:00
1 Play Today
HRs Player % Correct
49Harmon Killebrew
95.4%
42Harmon Killebrew
95.3%
31Harmon Killebrew
95.3%
46Harmon Killebrew
95.3%
48Harmon Killebrew
95.3%
45Harmon Killebrew
95.3%
25Harmon Killebrew
95.3%
44Harmon Killebrew
95.3%
49Harmon Killebrew
95.3%
41Harmon Killebrew
95.3%
26Harmon Killebrew
95.3%
39Harmon Killebrew
95.3%
28Harmon Killebrew
95.3%
31Kirby Puckett
90.4%
28Kirby Puckett
90.4%
28Joe Mauer
87.5%
31Justin Morneau
84.2%
34Justin Morneau
84.2%
30Justin Morneau
84.2%
29Kent Hrbek
80%
25Kent Hrbek
80%
25Kent Hrbek
80%
25Kent Hrbek
80%
27Kent Hrbek
80%
34Kent Hrbek
80%
27Torii Hunter
69%
29Torii Hunter
69%
31Torii Hunter
69%
28Torii Hunter
69%
26Torii Hunter
69%
25Gary Gaetti
67.9%
34Gary Gaetti
67.9%
31Gary Gaetti
67.9%
28Gary Gaetti
67.9%
34Miguel Sanó
64.5%
28Brian Dozier
62.5%
42Brian Dozier
62.5%
34Brian Dozier
62.5%
41Nelson Cruz
58.5%
32Tony Oliva
57.9%
HRs Player % Correct
25Tony Oliva
57.9%
25Miguel Sanó
52.8%
28Miguel Sanó
52.8%
28Tom Brunansky
49%
32Tom Brunansky
49%
27Tom Brunansky
49%
32Tom Brunansky
49%
27Jacque Jones
46.8%
31Mitch Garver
42.5%
30Bob Allison
40.6%
29Bob Allison
40.6%
29Bob Allison
40.6%
35Bob Allison
40.6%
32Bob Allison
40.6%
36Max Kepler
39.5%
29Chili Davis
38.2%
25C.J. Cron
37.9%
32Michael Cuddyer
37%
35Josh Willingham
36%
32Eddie Rosario
34.9%
27Eddie Rosario
31.4%
25Jim Thome
28.5%
29Roy Sievers
27.6%
39Roy Sievers
27.6%
25Roy Sievers
27.6%
42Roy Sievers
27.6%
28Jason Kubel
26%
26Corey Koskie
24.1%
25Corey Koskie
24.1%
28Larry Hisle
19.2%
27Jim Lemon
18%
33Jim Lemon
18%
38Jim Lemon
18%
26Jim Lemon
18%
33Jimmie Hall
17.2%
25Jimmie Hall
17.2%
26Earl Battey
17%
28Gary Ward
12.1%
25Bobby Darwin
8.7%

You're not logged in!

Compare scores with friends on all Sporcle quizzes.
OR
Log In

Sporcle TV

Today on Sporcle TV


Watch our educational content, quiz creation guides, and fun videos on Sporcle TV.

Show Comments

Extras

Top Quizzes Today


Score Distribution

Your Account Isn't Verified!

In order to create a playlist on Sporcle, you need to verify the email address you used during registration. Go to your Sporcle Settings to finish the process.

Report this User

Report this user for behavior that violates our Community Guidelines.

Details: